[Event "28th WSCC Open 50 2018"]
[Site "Bled"]
[Date "2018.11.20"]
[Round "3"]
[White "Mencinger, Vojko"]
[Black "Sturua, Zurab"]
[Result "0-1"]
[WhiteElo "2358"]
[BlackElo "2529"]
[Annotator "TA"]
[PlyCount "134"]
[EventDate "2018.11.17"]
[EventType "swiss"]
[EventCountry "SLO"]
[SourceTitle "playchess.com"]
[Source "ChessBase"]
[SourceQuality "1"]

{[%evp 42,134,0,0,0,0,0,0,0,0,0,-14,-12,-13,-14,-25,0,-8,-10,-93,-27,-52,-8,-14,0,-37,-18,-35,-21,-33,0,-19,-10,-21,-22,-46,-29,-32,-27,-50,-49,-50,-48,-48,-50,-56,-56,-50,-55,-56,-56,-68,-70,-127,-56,-56,-57,-57,-50,-57,-50,-57,-50,-57,-57,-57,-35,-50,-48,-56,-55,-49,0,-56,-56,-59,-41,-54,-38,-52,0,0,0,-37,-38,-37,-25,-54,-49,-335,-318,-785,-772,-1072,-1039]} 1. e4 e5 2. Nf3 Nc6 3. Bb5 a6 4. Ba4 Nf6 5. O-O Be7 6. Re1 b5 7. Bb3 d6 8. c3 O-O 9. h3 Nb8 10. d4 Nbd7 11. Nbd2 {[%cal Bb1d2,Bd2f1,Bf1g3][%mdl 32]} Bb7 12. Bc2 Re8 13. Nf1 Bf8 14. Ng3 g6 15. a4 c5 16. d5 c4 17. Bg5 Nc5 {C95: Closed Ruy Lopez: Breyer Variation with 10 d4} 18. Qd2 Be7 19. Bh6 Nfd7 {[%cal Bf6d7,Bd7b6,Bb6a4][%mdl 32]} 20. Ra3 (20. Nh2 bxa4 21. Ng4 Nb3 22. Bxb3 axb3 23. f4 Nf6 24. Ne3 exf4 25. Bxf4 {½-½ (54) Borisek,J (2578)-Amin,B (2686) Batumi 2018}) 20... Nb6 21. axb5 axb5 22. Rea1 {LiveBook: 3 Games} Rxa3 23. Rxa3 Nba4 $146 ({Predecessor:} 23... Bc8 24. Be3 Qc7 25. Qd1 {½-½ (75) Antal,T (2406)-Andersen,M (2479) Reykjavik 2016}) 24. Ra2 Bc8 25. Nh2 Bd7 26. Nhf1 Bf6 27. Qc1 Qe7 28. Kh2 Kh8 29. Bd2 Bh4 30. f4 (30. Be3 $11) 30... f6 ({Black should try} 30... Nb3 $17 31. Bxb3 cxb3) 31. fxe5 fxe5 32. Be3 Rf8 33. Qd2 Qd8 34. Kg1 Kg8 35. Kh2 Qc8 36. Bh6 Rf7 37. Be3 Qd8 38. Kg1 Qb8 39. Kh2 Be8 40. Qe2 Qd8 41. Qd2 Qf6 42. Qc1 Bd7 43. Qd2 {[#]} h6 $1 {[%mdl 512]} 44. Kg1 (44. Bxh6 g5) 44... Kh7 45. Qc1 Bg5 46. Qd2 Bf4 47. Bxf4 (47. Qf2 $15) 47... Qxf4 (47... exf4 $17 48. Nh1 f3) 48. Qxf4 $15 Rxf4 49. Nd2 Rf8 50. Ne2 Kg7 51. Ng3 Kf6 52. Kf2 Ke7+ 53. Ke3 Kd8 54. Ne2 Kc7 55. Ng3 Kb7 56. Ne2 Kc7 57. Ng3 Rb8 58. Ne2 Rb7 59. Bd1 Be8 60. Bc2 b4 ({Better is} 60... Rb8 $15) 61. Bxa4 $11 Bxa4 62. cxb4 Rxb4 63. Nc3 Bd7 64. Ra8 Rxb2 {And now ...Rc2 would win.} 65. g4 $2 {[%mdl 8192]} (65. Ra7+ $15 Kb8 66. Ra3) 65... Rc2 $19 66. Ncb1 $2 (66. Ra7+ Kb6 67. Ra3) 66... c3 67. Nc4 {[#]} Re2+ $1 {[%mdl 576] Clearance, Promotion. Accuracy: White = 32%, Black = 62%.} 0-1

[Event "28th WSCC Open 50 2018"]
[Site "Bled"]
[Date "2018.11.20"]
[Round "3"]
[White "Plotkin, Victor"]
[Black "Bischoff, Klaus"]
[Result "0-1"]
[WhiteElo "2307"]
[BlackElo "2507"]
[Annotator "TA"]
[PlyCount "78"]
[EventDate "2018.11.17"]
[EventType "swiss"]
[EventCountry "SLO"]
[SourceTitle "playchess.com"]
[Source "ChessBase"]
[SourceQuality "1"]

{[%evp 21,78,0,0,-16,0,-20,-8,-12,-12,-30,-25,-64,-50,-51,-8,-55,-55,-77,-83,-81,-79,-83,-72,-143,-93,-164,-109,-103,-100,-82,-29,-39,0,0,0,-342,-322,-744,-741,-728,-730,-779,-771,-753,-753,-700,-671,-809,-804,-923,-902,-29986,-29986,-29986,-29987,-29987,-29988,-29988,-29989]} 1. e4 c5 2. c3 Nf6 3. e5 Nd5 4. d4 cxd4 5. Nf3 d6 6. cxd4 Nc6 7. Bc4 Nb6 8. Bb3 d5 9. h3 Bf5 {B22: Sicilian: 2 c3} 10. O-O (10. Nh4 Bxb1 11. Rxb1 e6 12. Nf3 Bb4+ 13. Kf1 Be7 14. Qe2 a5 15. a3 a4 16. Bc2 Nc4 17. g3 {½-½ (45) Kostic,V (2440)-Kraemer,M (2518) Austria 2010}) 10... e6 11. Nc3 Be7 {LiveBook: 6 Games. The position is equal.} 12. Qe2 h6 $146 ({Predecessor:} 12... h5 13. Be3 a6 14. Nh2 Na5 15. Bd1 Rc8 16. g4 hxg4 17. hxg4 {0-1 (31) Castro Osorio,L (1630)-Escobar,L (2118) Manta 2017}) 13. Be3 a6 14. Rfc1 Rc8 15. Nd2 Nb4 16. Nf1 Nc4 17. Bxc4 Rxc4 18. Nd2 Rc8 {...Nc2 is the strong threat.} 19. Nb3 O-O 20. Kh2 Bd3 21. Qd2 Bh7 22. g4 ({White should try} 22. Qe2) 22... b5 23. Rg1 (23. a3 $17 {was worth a try.} Nd3 24. Rd1) 23... Nc2 (23... f6 $19 24. f4 Nc2) 24. Rac1 $17 Nxe3 25. Qxe3 f5 (25... Qb6 $17) 26. gxf5 $11 Bxf5 (26... Rxf5 $5 {[%cal Re7g5]} 27. Qxh6 {[%mdl 64] Double Attack} Rxf2+ 28. Kh1 Bf8 29. Qxe6+ Kh8 $16) 27. Qxh6 {[%csl Gh6][%cal Rg1g7]} Rf7 {Strongly threatening ...g5.} 28. Rg2 $2 {[%mdl 8192] [#]} (28. Ne2 $11) 28... g5 $1 $19 {Hoping for ...Rh7.} 29. Rcg1 $2 {[#]} (29. Qh5 Rh7 30. Qf3 Rxh3+ 31. Qxh3 Bxh3 32. Kxh3) 29... Rh7 $1 {[%cal Rh7h6]} 30. Rxg5+ Kh8 31. Rg6 Rxh6 32. Rxh6+ Bh7 33. Rxe6 Bg5 {Threatens to win with ...Bf4+.} 34. Rg4 b4 {[%cal Bb5b4,Bb4c3][%mdl 32]} 35. Rd6 Qf8 ({Less strong is} 35... bxc3 36. Rxd8+ Bxd8 37. bxc3 $17) 36. Rxg5 Qf4+ {Black mates.} 37. Rg3 Qxf2+ 38. Rg2 Qf4+ 39. Kg1 bxc3 {Accuracy: White = 21%, Black = 59%.} 0-1

[Event "28th WSCC Open 50 2018"]
[Site "Bled"]
[Date "2018.11.20"]
[Round "3"]
[White "Mannion, Stephen R"]
[Black "Prie, Eric"]
[Result "1/2-1/2"]
[WhiteElo "2286"]
[BlackElo "2482"]
[Annotator "TA"]
[PlyCount "142"]
[EventDate "2018.11.17"]
[EventType "swiss"]
[EventCountry "SLO"]
[SourceTitle "playchess.com"]
[Source "ChessBase"]
[SourceQuality "1"]

{[%evp 20,142,13,10,69,58,60,49,59,50,85,43,62,35,35,37,70,60,74,70,77,81,81,51,61,56,54,26,33,25,22,0,45,0,107,0,0,0,0,0,0,0,0,-15,0,-151,-16,-63,-47,-66,-45,-64,35,-183,-86,-191,-194,-187,-152,-167,-35,-37,-4,0,0,0,293,-59,-58,-89,-66,-87,-55,-95,-83,-94,-76,-75,-76,-87,-87,-87,-83,-80,-58,-76,-76,-76,-67,-70,-67,-75,-71,-76,-76,-81,-81,-116,-104,-105,-99,-143,-61,-61,-61,-78,-66,-67,-58,-70,112,112,112,112,123,116,112,112,109,77,117,98,89,74,84]} 1. e4 d5 2. exd5 Qxd5 3. Nc3 Qa5 4. d4 Nf6 5. Nf3 Bf5 6. Bc4 e6 7. Bd2 {B01: Scandinavian Defence} Bb4 8. a3 Bxc3 9. Bxc3 Qb6 10. d5 (10. Nh4 Be4 11. Qe2 Nc6 12. O-O-O O-O-O 13. Qe3 h6 14. Rhe1 {½-½ (36) Adams,M (2742)-Laznicka,V (2676) Baku 2015}) 10... Nbd7 11. O-O {LiveBook: 3 Games} exd5 $146 (11... O-O $11) ({Predecessor:} 11... O-O 12. dxe6 Bxe6 13. Bxe6 Qxe6 14. Re1 Qf5 {1-0 (47) Nevednichy,V (2534)-Cioara,A (2434) Baile Govora 2017}) 12. Re1+ $14 Be6 $1 13. Bxd5 $1 Nxd5 14. Qxd5 (14. Bxg7 $2 Rg8 $19) 14... O-O-O 15. Qe4 Nf6 16. Bxf6 gxf6 17. b4 Rdg8 18. Rad1 Kb8 19. Nd4 {[%cal Rd4e6]} Bh3 20. g3 h5 21. c4 h4 22. c5 Qa6 23. Re3 hxg3 24. hxg3 Qa4 25. Rde1 Bd7 26. Qd5 f5 (26... Rd8 $11 27. Qxf7 Bc8) 27. c6 (27. Qxf7 $6 Bc6 $11) (27. Re7 $16 Rd8 28. Rxf7) 27... f4 $1 $11 28. Rc3 Bc8 29. Qxf7 fxg3 30. fxg3 Qa6 31. Qf2 Qb6 32. Rc5 $2 (32. Re4 $11) 32... Rh3 (32... a5 $1 $17 {And now ...Rh3 would win.} 33. Rd1 Rh3) 33. Re3 Rgh8 34. Qg2 Qa6 35. Rc1 Qa4 (35... b6 $15) 36. Ne2 $2 (36. cxb7 $1 $14 {keeps the upper hand.} Rh1+ {[%mdl 64] Decoy} 37. Qxh1 Rxh1+ 38. Kxh1 Bxb7+ 39. Nf3) 36... bxc6 (36... a5 $1 $19 {is more deadly.} 37. Qe4 Rh2) 37. Nf4 (37. Qxc6 $2 Qxc6 38. Rxc6 Bg4 $19) (37. Nd4 $17) 37... R3h6 $19 38. Nd3 Qxa3 39. Rce1 {intending Nc5.} a5 (39... Qa6 $19 40. Ne5 Qb6) 40. Nc5 $1 $15 Rh1+ (40... Qa2 $5 41. Qxa2 (41. Na6+ $2 Ka7 $19) 41... Rh1+ 42. Kg2 R1h2+ 43. Kg1 Rxa2 $15) 41. Qxh1 Rxh1+ 42. Kxh1 Qb2 $2 {[%mdl 8192]} (42... Qa2 $11 {and Black stays safe.} 43. Re8 Qf7) 43. bxa5 $2 ({White has to play} 43. Re8 $18 {White threatens Rxc8+! and mate.} Qg7 44. Rxc8+ $1 {[%mdl 512]} (44. bxa5 Qg4 $17) 44... Ka7 45. Kg2 axb4 46. Re6) 43... Qc2 44. Nd3 c5 45. Kg1 Bb7 {[%csl Gb7][%cal Rc2g2]} 46. Nf2 Qa2 47. Ne4 Qxa5 48. Nc3 c4 49. Rb1 Qc5 50. Kf2 Kc8 51. Rb5 Qd4 52. Ke2 Bc6 53. Rbe5 Bd7 54. R5e4 Qc5 55. g4 Kb7 56. Kf2 Bc6 57. Re5 Qd4 58. Kg3 Qd2 59. Kf4 Bd7 60. Kg3 {[#]} Qd4 (60... Qc1 $1 $17 {aiming for ...Qg1+.} 61. R5e4 Qg1+ 62. Kh4 Qh2+ 63. Kg5 Qh8) 61. R5e4 Qd6+ 62. Re5 Qg6 63. R5e4 Qg5 64. Rf4 Bxg4 $2 (64... Bc6 $15 65. Ne2 Qd5) 65. Ne4 $16 {White is better.} Qh6 {Strongly threatening ...Qh3+.} 66. Kxg4 {Black must now prevent Nc5+.} Qh1 67. Ng3 Qd1+ 68. Rff3 Kb6 69. Nf5 Kc5 70. Kf4 Kb4 71. Ke4 c5 {Accuracy: White = 44%, Black = 42%.} 1/2-1/2

[Event "28th WSCC Open 50 2018"]
[Site "Bled"]
[Date "2018.11.20"]
[Round "3"]
[White "Petran, Peter"]
[Black "Arkell, Keith C"]
[Result "1/2-1/2"]
[WhiteElo "2256"]
[BlackElo "2443"]
[Annotator "TA"]
[PlyCount "32"]
[EventDate "2018.11.17"]
[EventType "swiss"]
[EventCountry "SLO"]
[SourceTitle "playchess.com"]
[Source "ChessBase"]
[SourceQuality "1"]

{[%evp 16,19,-28,-25,-6,-14]} 1. g3 d5 2. Bg2 e5 3. d3 Nf6 4. Nf3 Bd6 5. O-O O-O 6. Nbd2 Re8 7. e4 c6 8. c3 Nbd7 9. Qc2 {LiveBook: 30 Games. B10: Caro-Kann: 2 d3 and 2 c4} b6 (9... dxe4 10. dxe4 Qc7 11. Nc4 Bf8 12. a4 a5 13. Rd1 b5 14. Ne3 Nc5 15. axb5 cxb5 16. Nd5 Nxd5 17. exd5 {0-1 (68) Pantsulaia,L (2607)-Riazantsev,A (2671) Doha 2016}) 10. Re1 {Predecessor:} Bb7 $146 11. Nf1 dxe4 12. dxe4 c5 13. Nh4 g6 14. Bg5 Qc7 15. Rad1 Bf8 16. Qc1 c4 {0-1 (36) Zor,A (1948)-Kitir,A (1866) Kocaeli 2013} 1/2-1/2

[Event "28th WSCC Open 50 2018"]
[Site "Bled"]
[Date "2018.11.20"]
[Round "3"]
[White "Kastelic, Marian"]
[Black "Bagaturov, Giorgi"]
[Result "0-1"]
[WhiteElo "2241"]
[BlackElo "2417"]
[Annotator "TA"]
[PlyCount "66"]
[EventDate "2018.11.17"]
[EventType "swiss"]
[EventCountry "SLO"]
[SourceTitle "playchess.com"]
[Source "ChessBase"]
[SourceQuality "1"]

{[%evp 22,66,30,6,22,19,20,11,21,-37,-47,-56,-52,-67,-63,-50,-72,-56,-39,-44,-39,-207,-193,-214,-206,-282,-293,-292,-289,-552,-546,-489,-477,-1007,-1006,-1006,-999,-927,-762,-825,-738,-743,-748,-1204,-1191,-29998,-29999]} 1. d4 Nf6 2. Nf3 g6 3. c4 Bg7 4. Nc3 O-O 5. e4 d6 6. Be2 Nbd7 7. Be3 e5 8. dxe5 dxe5 9. O-O c6 10. Qc2 Qe7 {E94: King's Indian: Classical: 6 Be2 e5 7 0-0: Various Black 7th moves} 11. Rfd1 (11. Rad1 Nh5 12. g3 Re8 13. a3 Nhf6 14. b4 b6 15. Nd2 Nf8 16. f3 Bh3 17. Rfe1 Ne6 18. Nb3 c5 19. Nd5 Nxd5 20. cxd5 Nd4 21. Nxd4 {½-½ (21) Laurusas,T (2441)-Kovalev,A (2513) Kaunas 2016}) 11... Re8 12. h3 {LiveBook: 3 Games} Nc5 {[%cal Bd7c5,Bc5e6,Be6d4][%mdl 32] The position is equal.} 13. b4 Ne6 14. c5 Nh5 15. g3 (15. Bf1 $11) 15... a5 $15 {[%cal Ba7a5,Ba5b4][%mdl 32]} 16. Na4 $146 ({Predecessor:} 16. b5 Kh8 17. Na4 f5 18. Nb6 f4 19. Bc1 fxg3 20. Nxa8 gxf2+ 21. Kxf2 {0-1 (32) Trevelyan,J (2170)-Ristoja,J (2317) Izmir 2004}) 16... axb4 17. Rab1 Nd4 18. Nxd4 exd4 19. Bxd4 Bxd4 20. Rxd4 Qe5 $36 {[%mdl 2048] Black fights for an advantage.} 21. Rdxb4 $2 {[#]} (21. Rd3 $1 $15) 21... Nxg3 $1 $19 22. Bg4 Nh5 23. Nb6 Bxg4 24. hxg4 Qg5 25. Nxa8 $2 (25. f3 {was worth a try.} Ra3 26. Qc1 Qxc1+ 27. Rxc1) 25... Qxg4+ 26. Kf1 {[#]} Nf4 $1 27. Nb6 (27. Rd1 $142 Qf3 28. Ke1 Ng2+ 29. Kd2 Rd8+ 30. Kc1 Rxd1+ 31. Qxd1 Qc3+ 32. Qc2 Qe1+ 33. Qd1 Qxb4 34. Qd8+ Kg7 35. Nc7 Qxc5+ 36. Kd1 Qxf2 37. Ne8+ Kh6 38. Qd3) 27... Rd8 {( -> ...Qh3+)} 28. Nd5 cxd5 29. e5 Qg2+ 30. Ke1 Qg1+ 31. Kd2 Qxf2+ 32. Kc1 Qe1+ 33. Qd1 Ne2+ {Precision: White = 32%, Black = 56%.} 0-1

[Event "28th WSCC Open 50 2018"]
[Site "Bled"]
[Date "2018.11.20"]
[Round "3"]
[White "Kranzl, Peter"]
[Black "Farrell, Neil"]
[Result "0-1"]
[WhiteElo "2163"]
[BlackElo "2117"]
[Annotator "TA"]
[PlyCount "110"]
[EventDate "2018.11.17"]
[EventType "swiss"]
[EventCountry "SLO"]
[SourceTitle "playchess.com"]
[Source "ChessBase"]
[SourceQuality "1"]

{[%evp 19,110,0,-5,-24,-20,-59,-32,-31,-20,-21,4,-4,65,-1,18,-35,-24,-68,-27,-16,21,14,20,15,20,9,62,40,94,0,5,0,22,0,0,0,0,-49,11,0,0,-81,91,-231,-219,-218,-198,-189,-160,-214,-62,-62,-62,-62,-62,-62,110,-63,-67,-298,-299,-393,-250,-202,-206,-451,-326,-829,-840,-829,-813,-877,-820,-718,-326,-515,-477,-676,-668,-1770,-1750,-1693,-1693,-1061,-1122,-1745,-1562,-29947,-12061,-4913,-4921,-2285,-1532]} 1. e4 e6 2. d4 d5 3. Nd2 Nf6 4. e5 Nfd7 5. f4 c5 6. c3 Nc6 7. Ndf3 Qb6 8. a3 Be7 9. b4 {C05: French Tarrasch: 3...Nf6 4 e5 Nfd7, 5 f4 and 5 Bd3 sidelines} cxd4 10. cxd4 a6 {LiveBook: 23 Games} 11. Ra2 {The position is equal.} Qc7 12. Bd3 b5 ({Reject} 12... Nxd4 $6 13. Nxd4 Qc3+ 14. Kf2 $14) 13. Ne2 Nb6 14. O-O {[#]} Bd7 $146 ({Predecessor:} 14... Nc4 15. g4 a5 16. bxa5 Rxa5 {0-1 (32) Rudd,J (2253)-Sengupta,D (2558) Hastings 2011}) 15. g4 {[%cal Bg2g4,Bg4f5,Bf5f6][%mdl 32]} g6 (15... Nc4 $11) 16. Ng3 (16. f5 $14) 16... Nc4 $11 17. Kh1 (17. f5 $11) 17... Qb6 18. Bb1 O-O-O 19. f5 gxf5 20. gxf5 h5 21. f6 Bf8 22. Rg1 {[%cal Bf1g1,Bg1g3,Bg3b3][%mdl 32]} Kb7 (22... Be8 $11) 23. Ne2 $14 Ra8 (23... Be8 $14) 24. h4 (24. Ng5 $16 Be8 25. Nh7) 24... a5 $11 25. bxa5 Rxa5 26. Ng5 Be8 {[%cal Rc4a3]} 27. Rg3 $1 Qa7 28. Rb3 Bxa3 ({Black should try} 28... Ka8 $15) 29. Bxa3 Nxa3 30. Rab2 (30. Bd3 $11) 30... Qb6 $2 (30... Ka8 $17 {keeps the pressure on.}) 31. Qd3 $2 {[%mdl 8192]} (31. Qg1 $1 $16 {is forced if you want to stay better.} Rg8 32. Bh7) 31... Nc4 $19 32. Ra2 Rxa2 33. Bxa2 Qa5 {aiming for ...Nb4.} 34. Qb1 (34. Nc3 $17 b4 35. Bb1) 34... b4 $2 (34... Kb6 $19 {...Nd2 is the strong threat.} 35. Nf3 Rg8) 35. Rg3 $15 Qb6 36. Qd3 N6a5 37. Bb3 Bb5 $2 (37... Kb8 $15 {keeps the upper hand.}) 38. Qd1 $2 (38. Nxf7 $16 Rc8 39. Qd1) 38... Rf8 39. Nc1 $2 (39. Nf4 $15) 39... Nc6 $1 $19 40. Nf3 Ra8 41. Rg7 {[#]} Nd8 $1 42. Nd3 $2 (42. Ng5 Be8 43. Rg8) 42... Ne3 43. Nc5+ $2 {[#]} (43. Qd2 Bxd3 44. Qxd3) 43... Qxc5 $1 {[%mdl 512]} 44. dxc5 Nxd1 45. Bxd1 Ra1 46. Rg1 {[#]} Bc4 (46... Rxd1 $142 $1 {[%mdl 512]} 47. Rxd1 Be2) 47. Nd4 (47. Nd2 {is the only way for White.} Ra2 48. Rg2) 47... Nc6 48. Nxe6 (48. Nxc6 $142 Kxc6 49. Bxh5) 48... b3 {[%cal Bb4b3,Bb3b2][%mdl 32]} ({Stronger than} 48... fxe6 49. f7 $14) 49. Nf4 {White wants to play e6.} b2 50. Bc2 Rxg1+ 51. Kxg1 Nxe5 52. Bb1 Kc6 53. Nxh5 Bd3 54. Ba2 Nf3+ 55. Kf2 Nxh4 {Precision: White = 18%, Black = 43%.} 0-1

[Event "28th WSCC Open 50 2018"]
[Site "Bled"]
[Date "2018.11.20"]
[Round "3"]
[White "Baimurzin, Aitkazy"]
[Black "Berend, Fred"]
[Result "0-1"]
[WhiteElo "2154"]
[BlackElo "2369"]
[Annotator "TA"]
[PlyCount "110"]
[EventDate "2018.11.17"]
[EventType "swiss"]
[EventCountry "SLO"]
[SourceTitle "playchess.com"]
[Source "ChessBase"]
[SourceQuality "1"]

{[%evp 18,110,-4,0,0,-11,-17,10,10,10,0,0,32,35,18,17,55,53,44,20,33,19,28,0,3,1,0,-26,-14,-19,-13,-22,-8,-25,-18,-20,-23,-18,18,0,0,0,13,-114,-94,-86,-81,-78,-78,-127,-124,-110,-123,-148,-149,-200,-166,-246,-245,-235,-245,-316,-321,-923,-905,-923,-392,-385,-381,-385,-379,-377,-377,-370,-302,-370,-366,-361,-358,-353,-346,-346,-312,-2526,-2526,-1850,-1723,-2318,-2068,-5085,-29965,-29950,-29952,-5102,-12001]} 1. c4 e5 2. Nc3 Bb4 3. g3 Nf6 4. Bg2 O-O 5. Nf3 {[%cal Bg1f3,Bf3e1,Be1c2][%mdl 32]} Re8 6. O-O e4 7. Ne1 d6 {A22: English Opening: 1...e5 2 Nc3 Nf6} 8. Nc2 Bxc3 9. dxc3 h6 10. Ne3 {LiveBook: 6 Games} Be6 (10... a5 11. Nd5 Nbd7 12. a4 b6 13. b3 Bb7 {½-½ (40) Sjugirov,S (2669)-Wojtaszek,R (2737) Sochi 2015}) 11. f4 $146 ({Predecessor:} 11. Qc2 Qc8 12. Rd1 Bf5 13. b4 Bh3 14. Rb1 Bxg2 15. Kxg2 {0-1 (28) Prorocic,B (1902)-Pekin,T (1968) ICCF email 2016}) 11... exf3 12. exf3 Qc8 13. g4 Nbd7 14. h3 Nb6 15. b3 a5 16. Qd4 Qb8 17. f4 a4 18. Rb1 axb3 19. axb3 Ra2 20. Bb2 Qa7 21. Rf2 Bd7 22. Rbf1 Bc6 23. Nf5 {And now g5 would win.} Nbd7 24. g5 Bxg2 25. Kxg2 Qxd4 26. cxd4 Nh5 {...Nxf4+! is the strong threat.} 27. Kf3 d5 28. Ne3 hxg5 29. fxg5 Ng3 30. Rd1 (30. Ra1 $11 Rxa1 31. Bxa1) 30... Ne4 $17 31. Rg2 dxc4 32. Nxc4 {[#]} b5 $1 $36 {[%cal Rb5c4][%mdl 2048] White is under strong pressure.} 33. Ne5 Nxe5+ 34. dxe5 {[#]} Nxg5+ $1 {[%mdl 512]} 35. Kg4 (35. Rxg5 Rxb2) 35... Ne6 36. Rgd2 (36. h4 $17) 36... c5 37. Bc1 (37. h4 {might work better.}) 37... Rxd2 $19 38. Rxd2 {[%mdl 4096] Endgame KRB-KRN} Nd4 39. Rd3 Rxe5 40. Be3 $2 (40. Kf4 f6 41. Bb2) 40... Re4+ 41. Kg5 Ne6+ (41... f6+ $142 42. Kg6 Re5) 42. Kf5 Rh4 43. Bg1 c4 44. bxc4 bxc4 45. Ra3 Kh7 46. Ke5 Rh5+ 47. Kd6 Nf4 48. Ra4 Nxh3 49. Bd4 Rh4 50. Rxc4 $2 (50. Bc3) 50... Ng5 51. Rb4 Kg6 52. Kd5 Ne6 53. Bc3 Rxb4 54. Bxb4 Kf5 55. Bd2 g5 {Precision: White = 41%, Black = 71%.} 0-1

[Event "28th WSCC Open 50 2018"]
[Site "Bled"]
[Date "2018.11.20"]
[Round "3"]
[White "Gavrish, Leonid"]
[Black "Teo, Kok Siong"]
[Result "0-1"]
[WhiteElo "2144"]
[BlackElo "2191"]
[Annotator "TA"]
[PlyCount "112"]
[EventDate "2018.11.17"]
[EventType "swiss"]
[EventCountry "SLO"]
[SourceTitle "playchess.com"]
[Source "ChessBase"]
[SourceQuality "1"]

{[%evp 17,112,46,38,37,39,62,60,15,68,68,62,58,65,44,41,59,57,43,45,29,31,29,29,37,38,10,10,11,20,12,19,20,27,0,0,0,0,-67,-68,-62,-47,-90,-91,-318,-318,-306,-314,-318,-318,-318,-310,-302,-305,-295,-216,-293,-291,-383,-387,-852,-600,-855,-840,-842,-843,-4686,-2187,-1870,-1147,-1679,-1331,-1045,-1020,-943,-920,-29976,-29977,-29975,-29974,-29977,-29977,-29977,-29978,-29977,-29978,-29980,-29981,-29981,-29981,-29981,-29982,-29982,-29983,-29983,-29984,-29984,-29985]} 1. d4 Nf6 2. c4 e6 3. Nc3 Bb4 4. e3 O-O 5. Bd3 c5 6. Nge2 d5 7. cxd5 exd5 8. a3 cxd4 9. axb4 dxc3 10. Nxc3 {E48: Nimzo-Indian: Rubinstein: 5 Bd3 d5 including 6 Ne2, but excluding 6 a3} Bg4 (10... Nc6 11. b5 Ne5 12. Be2 a5 13. bxa6 bxa6 14. O-O Bb7 15. b3 Nc6 16. Na4 Ne4 17. Ba3 Re8 18. Nc5 Nxc5 19. Bxc5 a5 {1-0 (62) Ivanchuk,V (2726)-Ni,H (2671) Riadh 2017}) 11. f3 Be6 12. O-O $146 {White is slightly better.} ({Predecessor:} 12. Kf2 d4 13. Ne2 Nc6 14. Bb5 Nd5 15. Nxd4 Ndxb4 16. Nxe6 fxe6 17. Qxd8 Rfxd8 {½-½ (44) Aleksandrov,A (2535)-Belikov,V (2500) Spasskoe 1996}) 12... Nc6 (12... d4 $11 13. Ne4 Nd5) 13. b5 $14 Nb4 14. Bb1 Qb6 15. Qd4 Qxd4 16. exd4 Rfc8 17. Bg5 (17. Bd2 {seems wilder.} a5 18. bxa6 bxa6 19. Ne2 Nc2 20. Ra2) 17... a6 18. Bxf6 gxf6 19. bxa6 Rxa6 20. Rxa6 bxa6 21. Kf2 Rb8 22. Ke3 Kf8 23. Rd1 Ke7 24. Rd2 Kd6 25. Na4 h6 26. Nc5 a5 27. Kf4 (27. Na4 $11) 27... Nc6 $15 28. Ke3 Rb4 29. Ba2 Nxd4 30. Nb7+ $2 {[#]} (30. Rxd4 $17 Kxc5 31. Rxb4 axb4 32. Bb1) 30... Rxb7 $19 31. Kxd4 {[%mdl 4096] Endgame KRB-KRB} Rb4+ 32. Kd3 d4 33. b3 a4 34. bxa4 Rxa4 35. Bxe6 fxe6 {KR-KR} ({Weaker is} 35... Kxe6 36. Rb2 $11) 36. Rb2 Kc5 37. Rb8 Ra3+ 38. Ke4 $2 {[#]} (38. Kd2 Ra2+ 39. Kd3) 38... Re3+ 39. Kf4 Kc4 40. h4 Re5 41. g4 Rd5 (41... d3 $142 42. Rc8+ Kd4) 42. Rc8+ Kb3 43. Rb8+ Kc2 44. Rc8+ Kd1 45. Rc6 d3 46. Rxe6 d2 {Black mates.} 47. Ke4 Rd8 48. Ra6 Ke1 49. Ra1+ d1=Q 50. Rxd1+ Rxd1 {KR-K3P} 51. Kf5 Kf2 52. f4 Kf3 53. g5 fxg5 54. fxg5 h5 55. g6 Rg1 56. Kf6 Kg4 {Accuracy: White = 28%, Black = 76%.} 0-1

[Event "28th WSCC Open 50 2018"]
[Site "Bled"]
[Date "2018.11.20"]
[Round "3"]
[White "Cmiel, Thorsten"]
[Black "Lagunov, Evgenij"]
[Result "0-1"]
[WhiteElo "2122"]
[BlackElo "2272"]
[Annotator "TA"]
[PlyCount "64"]
[EventDate "2018.11.17"]
[EventType "swiss"]
[EventCountry "SLO"]
[SourceTitle "playchess.com"]
[Source "ChessBase"]
[SourceQuality "1"]

{[%evp 13,64,27,45,9,40,41,48,33,41,-118,33,0,0,0,0,-66,-22,-39,-29,-78,-83,-118,-124,-108,-107,-116,-104,-129,-70,-79,-59,-48,-23,-35,-40,-40,-39,-40,-5,-29,109,0,0,0,0,0,4,-139,-83,-162,-164,-29997,-29998]} 1. d4 d6 2. c4 Nf6 3. Nc3 g6 4. e4 Bg7 5. Bd3 Nbd7 6. Nge2 {E70: King's Indian: Miscellaneous lines with 4 e4, including 5 Nge2 and 5 Bd3 0-0 6 Nge2} (6. Nf3 e5 7. O-O O-O 8. h3 Nh5 9. Bg5 Bf6 10. Be3 Nf4 11. Nd5 Nxd5 12. cxd5 c6 13. dxc6 bxc6 14. Rc1 Bb7 15. Re1 Re8 {½-½ (43) Atalik,S (2544)-Stojanovic,D (2505) Kragujevac 2016 CBM 175 [Atalik,S]}) 6... c5 7. d5 Ne5 {LiveBook: 3 Games} 8. Bb1 {White is slightly better.} O-O 9. b3 e6 $146 ({Predecessor:} 9... Nh5 10. f4 Ng4 11. O-O e5 12. Qd3 exf4 13. Bxf4 Nxf4 14. Rxf4 {0-1 (20) Ruszczycki,J (2080)-Armstrong,W Zakopane 2000}) 10. f4 $1 {[%cal Rf4e5]} Neg4 11. h3 $2 (11. dxe6 $1 $14 {was the only good move.} fxe6 12. h3) 11... Nh6 $2 (11... exd5 $1 $17 {White must now prevent ...d4.} 12. hxg4 Bxg4 13. cxd5 (13. exd5 $2 Nh5 $19) 13... Nxe4 14. Nxe4 Bxa1) 12. a4 exd5 13. cxd5 Re8 {[%cal Bf8e8,Be8e5,Be5e3,Be3b3][%mdl 32]} 14. Ra2 (14. O-O $11) 14... Nh5 {Strongly threatening ...Bxc3+.} (14... Nxe4 $5 15. Nxe4 Bf5 $15) 15. O-O f5 16. e5 dxe5 17. fxe5 Rxe5 18. Nf4 Ng3 19. Rf3 Ne4 20. Bb2 {[#]} Ng5 (20... g5 $1 $17 {...Nxc3 is the strong threat.} 21. Nfe2 Nxc3 22. Nxc3 b6) 21. Rf1 Bd7 22. Nce2 Re3 23. Bxg7 Kxg7 24. Qc1 Rxb3 25. Bd3 b6 26. d6 Qf6 {[#]} (26... Nhf7 $11 {keeps the balance.}) 27. Bc4 (27. Nd5 $1 $16 {[%cal Rd5f6]} Qe5 28. Bc4 Nxh3+ 29. gxh3 Rxh3 30. Nef4) 27... Rb4 $11 {Threatens to win with ...Nhf7.} 28. Nd5 Rxc4 $1 29. Qxc4 Qxd6 {aiming for ...Ne4.} 30. Nec3 (30. Qc3+ $11 Kf7 31. Rd1) 30... Re8 ({Better is} 30... Nhf7 {And now ...Be6 would win.} 31. Nf4 Ne5) 31. Rd1 (31. Nb5 $17 {keeps fighting.} Qe5 32. Nbc7) 31... Qg3 $19 32. Nf4 $2 (32. Kh1 $19) 32... Nf3+ {Precision: White = 17%, Black = 36%.} 0-1